书目信息 |
| 题名: |
电力系统的过电压保护
|
|
| 作者: | 董振亚 著 | |
| 分册: | ||
| 出版信息: | 北京 水利电力出版社 1975 |
|
| 页数: | 347页 | |
| 开本: | 19cm | |
| 丛书名: | ||
| 单 册: | ||
| 中图分类: | TM862 | |
| 科图分类: | ||
| 主题词: | 过电压保护装置 | |
| 电子资源: | ||
| ISBN: | ||
| 000 | 00619nam0 2200229 45 | |
| 001 | 0175002244 | |
| 005 | 20040521085536.6 | |
| 010 | @dCNY0.78 | |
| 100 | @a19951011d1975 em y0chiy0121 ea | |
| 101 | 0 | @achi |
| 102 | @aCN@b110000 | |
| 105 | @ay z 000yy | |
| 106 | @ar | |
| 200 | 10 | @a电力系统的过电压保护@Adian li xi tong de guo dian ya bao hu@f董振亚著 |
| 210 | @a北京@c水利电力出版社@d1975 | |
| 215 | @a347页@d19cm | |
| 606 | @a过电压保护装置 | |
| 690 | @aTM862@v3 | |
| 701 | 0 | @a董振亚@Adong zhen ya@4著 |
| 801 | 0 | @aCN@b广东省中山图书馆@c20040521 |
| 801 | 2 | @aCN@bNLC@c20040521 |
| 905 | @f1@b9949@dTM862@e4 | |
| 电力系统的过电压保护/董振亚著.-北京:水利电力出版社,1975 |
| 347页;19cm |
| ISBN :CNY0.78 |
| ● |
| 相关链接 |
|
|
|
|
正题名:电力系统的过电压保护
索取号:TM862/4
 
预约/预借
| 序号 | 登录号 | 条形码 | 馆藏地/架位号 | 状态 | 备注 |
| 1 | 0009949 | 001345011 | 第三借阅区/ [索取号:TM862/4] | 在馆 |